|
|
|
|
| LEADER |
01456nam a2200385 a 4500 |
| 001 |
EBC3019299 |
| 003 |
MiAaPQ |
| 005 |
20200520144314.0 |
| 006 |
m o d | |
| 007 |
cr cn||||||||| |
| 008 |
090928s2010 nyua sb 001 0 eng d |
| 010 |
|
|
|z 2009038411
|
| 020 |
|
|
|z 9781607419846 (softcover)
|
| 020 |
|
|
|a 9781613242100 (electronic bk.)
|
| 035 |
|
|
|a (MiAaPQ)EBC3019299
|
| 035 |
|
|
|a (Au-PeEL)EBL3019299
|
| 035 |
|
|
|a (CaPaEBR)ebr10670864
|
| 035 |
|
|
|a (OCoLC)730517869
|
| 040 |
|
|
|a MiAaPQ
|c MiAaPQ
|d MiAaPQ
|
| 043 |
|
|
|a n-us---
|
| 050 |
|
4 |
|a HV6763
|b .B33 2010
|
| 082 |
0 |
4 |
|a 364.16/8
|2 22
|
| 245 |
0 |
0 |
|a Backdating of stock options
|h [electronic resource] /
|c Bernard T. Weinstein, editor.
|
| 260 |
|
|
|a New York :
|b Nova Science Publishers,
|c c2010.
|
| 300 |
|
|
|a x, 96 p. :
|b ill.
|
| 490 |
1 |
|
|a Business economics in a rapidly-changing world series
|
| 504 |
|
|
|a Includes bibliographical references and index.
|
| 533 |
|
|
|a Electronic reproduction. Ann Arbor, MI : ProQuest, 2015. Available via World Wide Web. Access may be limited to ProQuest affiliated libraries.
|
| 650 |
|
0 |
|a Securities fraud
|z United States.
|
| 650 |
|
0 |
|a Stock options
|z United States.
|
| 655 |
|
4 |
|a Electronic books.
|
| 700 |
1 |
|
|a Weinstein, Bernard T.
|
| 710 |
2 |
|
|a ProQuest (Firm)
|
| 830 |
|
0 |
|a Business economics in a rapidly-changing world series.
|
| 856 |
4 |
0 |
|u https://ebookcentral.proquest.com/lib/matrademy/detail.action?docID=3019299
|z Click to View
|